000 01017nam a2200301 i 4500
003 EG-GICUC
005 20260121101213.0
008 251112s1931 -usabk|f |||| 001 0 eng d
040 _aEG-GiCUC
_beng
_cEG-GiCUC
_dEG-GiCUC
_erda
041 0 _aeng
082 0 4 _221
_a338.85
_bCU . T
092 0 4 _221
099 _aLaw1 13 338.85 CU . T 1 ed - 1931
100 1 _aCurtis , Roy Emerson
_eAuthor.
245 1 4 _aThe Trusts And Economic Control :
_bA Book Of Materials /
_cBy Roy Emerson Curtis, Ph.d.
250 _aFirst Edition
264 1 _aNew York :
_bMcgraw-hill Book Company,
_c1931.
300 _a525 pages :
_billustrations ;
_c24 cm.
336 _2rda content
_atext
337 _2rda media
_aComputer
338 _2rda carrier
_aOnline Resource
504 _aIncludes bibliographical references and index.
546 _aText in English
650 1 4 _aPublic finance and tax legislation
856 4 0 _uhttps://fll.law.cu.edu.eg/fulltext/bks/B13-07484.pdf
905 _a48
942 _2ddc
_cBK
_e21
_n0
999 _c42785
_d42785